000 00643cam a2200133 4500500
005 20260111091248.0
041 _afre
042 _adc
245 0 0 _aAthanase d’Alexandrie, Les trois discours contre les Ariens, tr. et notes A. Rousseau, moine d’Orval ; ouverture et guide R. Lafontaine sj, coll. Donner raison 15, Bruxelles, Lessius, 2004, 21x15, 516 p., 39 €. ISBN 2-87299-130-1
260 _c2005.
500 _a15
786 0 _nNouvelle revue théologique | 127 | 4 | 2005-12-15 | p. 623t-636t | 0029-4845
856 4 1 _uhttps://shs.cairn.info/revue-nouvelle-revue-theologique-2005-4-page-623t?lang=fr&redirect-ssocas=7080
999 _c1620745
_d1620745